1543 1994 1644 1985 1171 1720 1151 1127 1463 1867 1273 1873 1238 1295 1209 1200 1597 1423 1516 1482 1084 1333 1568 1808 1455 1313 1574 1121 1716 1745 1255 1677 1139 1092 1507 1343 1776 1828 1136 1374 1310 1320 1874 1697 1859 1514 1387 1966 1290 1181 1632 1389 1200 1751 1853 1929 1812 1046 1690 1274 1185 1662 1978 1097 1685 1065 1803 1725 1672 1339 1601 1687 1516 1098 1477 1755 1160 1233 1043 1406 1609 1046 1927 1415 1247 1122 1022 1262 1542 1746 1733 1681 1917 1031 1243 1690 1910 1264 1507 BCNSPRNW ULIB Ver.6.0+V

เปลี่ยนเป็นภาษาไทย

Change to English
 แสดงรายละเอียดบรรณานุกรม
  กลับหน้าหลัก

Brief Record : Get Marc (ISO 2709) : E-mail record : QR code < ปิดหน้าต่าง
LEADER : 00000nas 2200000uu 4500
001    13399125248
003     ULIB
008    161128s2559||||th 000 0 tha d
022 0  ^a01258435
110 1  ^aมหาวิทยาลัยสงขลานครินทร์
245 00 ^aวารสารวิชาการทางวิทยาศาสตร์สุขภาพ/^bSongklanagarind Medical Journal official journal health science/^cมหาวิทยาลัยสงขลานครินทร์
260    ^aสงขลา:^bมหาวิทยาลัยสงขลานครินทร์
310    ^aรายสองเดือน
850 ^a ULIB^bปีที่34 34 ฉบับที่6 5 ฉ.1 ;ฉ.1 ;ปีที่34 35 ฉบับที่6 1 ฉ.1 ;ปีที่34 35 ฉบับที่6 2 ฉ.1 ;ปีที่34 35 ฉบับที่6 3 ฉ.1 ;ปีที่34 35 ฉบับที่6 4 ฉ.1 ;ปีที่34 36 ฉบับที่6 1 ฉ.1
945    ^p0^l0^i904217
945    ^p0^l0^i904298
945    ^p0^l0^i904378
945    ^p0^l0^i904525
945    ^p0^l0^i904641
945    ^p0^l0^i904761
945    ^p0^l0^i904854
999    ^aวรรณษา ชูชัยมงคล
รายการนี้ยังไม่มีแท็ก
คุณยังไม่ได้ล็อกอิน คุณสามารถมีกิจกรรมร่วมกับเว็บไซต์ได้ แต่ต้องล็อกอินก่อน ::
  ล็อกอิน

รายการสื่อสารสนเทศ (วารสาร)

ดูแบบ: กล่อง รายการ
ARRIVED
ปีที่34 34 ฉบับที่6 5 ฉ.1
สถานที่: ห้องสมุดวิทยาเขตสวรรค์ประชารักษ์ >หนังสือพิมพ์
ARRIVED
ฉ.1
สถานที่: ห้องสมุดวิทยาเขตสวรรค์ประชารักษ์ >หนังสือพิมพ์
ARRIVED
ปีที่34 35 ฉบับที่6 1 ฉ.1
สถานที่: ห้องสมุดวิทยาเขตสวรรค์ประชารักษ์ >หนังสือพิมพ์
ARRIVED
ปีที่34 35 ฉบับที่6 2 ฉ.1
สถานที่: ห้องสมุดวิทยาเขตสวรรค์ประชารักษ์ >หนังสือพิมพ์
ARRIVED
ปีที่34 35 ฉบับที่6 3 ฉ.1
สถานที่: ห้องสมุดวิทยาเขตสวรรค์ประชารักษ์ >วารสาร
ARRIVED
ปีที่34 35 ฉบับที่6 4 ฉ.1
สถานที่: ห้องสมุดวิทยาเขตสวรรค์ประชารักษ์ >วารสาร
ARRIVED
ปีที่34 36 ฉบับที่6 1 ฉ.1
สถานที่: ห้องสมุดวิทยาเขตสวรรค์ประชารักษ์ >วารสาร

BibComment


ยังไม่เคยถูกคอมเมนท์

คอมเมนท์ทรัพยากรรายการนี้
  คอมเมนท์: วารสารวิชาการทาง..


 Copyright 2026. Bcnsprnw @Library